| 000 | 01452cam a2200241 4500 | ||
|---|---|---|---|
| 001 | 7558 | ||
| 005 | 20181127183853.0 | ||
| 008 | 040315s2004 ctua b 001 0 eng | ||
| 010 | _a 2004006003 | ||
| 020 | _a1561585971 | ||
| 082 | 0 | 0 |
_a684/.08 _222 |
| 100 | 1 | _aBird, Lonnie. | |
| 245 | 1 | 0 |
_aTaunton's complete illustrated guide to using woodworking tools / _cLonnie Bird. |
| 246 | 3 | 0 | _aComplete illustrated guide to using woodworking tools |
| 260 |
_aNewtown, CT : _bTaunton Press, _cc2004. |
||
| 300 |
_a280 p. : _bill. ; _c29 cm. |
||
| 504 | _aIncludes bibliographical references (p. 274) and index. | ||
| 505 |
_aWood and the Shop -- Working with wood -- Outfitting the shop -- Benches, Clamps, and Assembly -- Benches and clamps -- Gluing and assembly -- Hand Tools -- Measuring and marking tools -- Handsaws and chisels -- Planes and planing -- Files and rasps -- Sharpening hand tools -- Power Tools -- The table saw -- The jointer and planer -- The bandsaw -- The shaper -- The router table -- Drilling and mortising tools. _g _r _t |
||
| 520 | _aIn this step-by-step pictorial reference, Bird, a long-time contributing editor to American Woodworker, explains how to use all the tools found in a modern woodworking shop, and offers advice on choosing the right tools for the job, setting up a shop, and basic and special operations. | ||
| 650 | 0 | _aWoodworking tools. | |
| 710 | 2 | _aTaunton Press. | |
| 999 |
_c6468 _d6468 |
||